Staaten mit zwei Nachbarländern - Statistiken

Allgemein
  • Dieses Quiz wurde 51 mal gespielt
  • Das Durchschnittsergebnis liegt bei 23 aus 27
Antwortstatistiken
Hint Antwort % Korrekt
Frankreich, Spanien Andorra
100%
Lettland, Russland Estland
96%
Belgien, Deutschland Niederlande
96%
Finnland, Norwegen Schweden
96%
Kolumbien, Peru Ecuador
94%
Österreich, Schweiz Liechtenstein
94%
Kanada, Mexiko USA
94%
China, Russland Mongolei
92%
Argentinien, Brasilien Uruguay
92%
China, Indien Nepal
90%
Costa Rica, Kolumbien Panama
90%
Rumänien, Ukraine Moldawien
88%
Guatemala, Mexiko Belize
85%
Nicaragua, Panama Costa Rica
85%
Oman, Saudi Arabien Jemen
85%
Costa Rica, Honduras Nicaragua
85%
Algerien, Libyen Tunesien
85%
Oman, Saudi Arabien Vereinigte Arabische Emirate
85%
Indien, Myanmar Bangladesch
83%
China, Indien Bhutan
83%
Guatemala, Honduras El Salvador
83%
Israel, Syrien Libanon
81%
Mosambik, Südafrika Eswatini
77%
Irak, Saudi Arabien Kuwait
73%
Guinea, Liberia Sierra Leone
73%
Gabun, Kamerun Äquatorialguinea
71%
Guinea, Senegal Guinea Bissau
71%
Keine übereinstimmenden Quizze gefunden
Verteilung der Resultate
Anzahl Personen mit jedem Resultat
Perzentil nach korrekt beantworteten Fragen
Ihre Resultats-Entwicklung
Sie haben dieses Quiz noch nicht gespielt